Rappeurs peu connus - Statistiques

Statistiques générales
  • Ce quiz a été pris 18 fois
  • Le résultat moyen est 4 sur 16
Statistiques - réponses
Par images Réponse % Correct
KLM
67%
2 Mètres
60%
La Chine
47%
Mola
40%
Scott
33%
RDN
27%
Chakal
20%
Cherry Pie
13%
Kosra
13%
Nk du 68
13%
Shippeur
13%
ZZ
13%
2ZG
7%
Chaax
7%
Roni0Block
7%
Sherifflazone
7%
Aucun quiz correspondant
Distribution des résultats
% des personnes avec chaque résultat
Percentile par nombre de réponses
Votre historique - résultats
Vous n’avez pas pris ce quiz